[Event "Titled Tuesday intern op 16th Jan Early"]
[Site "Chess.com INT"]
[Date "2024.01.16"]
[Round "10"]
[White "Rottenwohrer Suarez, Juan"]
[Black "Korol, Dimitry"]
[Result "1-0"]
[WhiteElo "2274"]
[BlackElo "2287"]
[PlyCount "77"]
[EventDate "2024.01.16"]
[EventType "swiss (blitz)"]
[EventRounds "11"]
[EventCountry "USA"]
[SourceTitle "CB04_2024"]
[SourceDate "2023.10.16"]
[SourceVersion "1"]
[SourceVersionDate "2023.10.16"]
[SourceQuality "1"]

1. e4 c5 2. Nf3 d6 3. d4 cxd4 4. Nxd4 Nf6 5. Nc3 g6 6. Bc4 Bg7 7. Be3 0-0 8. Qd2 Nc6 9. 0-0-0 Ng4 10. Nxc6 bxc6 11. Bf4 Rb8 12. Bb3 Be6 13. h3 Ne5 14. Bh6 Qb6 15. Bxg7 Kxg7 16. f4 Nc4 17. Qd4+ Qxd4 18. Rxd4 Nb6 19. Rd2 Nc4 20. Re2 Nb6 21. g4 Rfe8 22. f5 Bc4 23. Rf2 c5 24. g5 f6 25. h4 Rf8 26. Nd1 Rbe8 27. Ne3 Bxb3 28. axb3 Rc8 29. Rhf1 c4 30. b4 a6 31. c3 Rb8 32. Kc2 Rbc8 33. Ng4 fxg5 34. hxg5 gxf5 35. exf5 Nd5 36. f6+ exf6 37. gxf6+ Kg6 38. Kd2 Rce8 39. Rh2 1-0

[Event "Titled Tuesday intern op 16th Jan Early"]
[Site "Chess.com INT"]
[Date "2024.01.16"]
[Round "5"]
[White "Rottenwohrer Suarez, Juan"]
[Black "Longson, Alexander"]
[Result "1-0"]
[WhiteElo "2274"]
[BlackElo "2261"]
[PlyCount "59"]
[EventDate "2024.01.16"]
[EventType "swiss (blitz)"]
[EventRounds "11"]
[EventCountry "USA"]
[SourceTitle "CB04_2024"]
[SourceDate "2023.10.16"]
[SourceVersion "1"]
[SourceVersionDate "2023.10.16"]
[SourceQuality "1"]

1. e4 e5 2. Nf3 Nc6 3. Bb5 a6 4. Bxc6 dxc6 5. 0-0 Bd6 6. d4 exd4 7. Qxd4 f6 8. Nc3 Ne7 9. e5 fxe5 10. Nxe5 Be6 11. Bg5 0-0 12. Rad1 Rf5 13. f4 h6 14. Bh4 Rh5 15. Ng6 Bc5 16. Nxe7+ Kh7 17. Qxc5 Rxc5 18. Rxd8 Rxd8 19. Nxc6 Rd2 20. Nd8 Bc4 21. Rf2 Rxf2 22. Kxf2 g5 23. fxg5 hxg5 24. Bg3 Rf5+ 25. Ke3 c5 26. Nxb7 Bf1 27. Nd6 Rf6 28. Nce4 Re6 29. Kf2 Kg6 30. Kxf1 1-0

[Event "Titled Tuesday intern op 16th Jan Early"]
[Site "Chess.com INT"]
[Date "2024.01.16"]
[Round "2"]
[White "Rottenwohrer Suarez, Juan"]
[Black "Uzuner, Tufan Can"]
[Result "0-1"]
[WhiteElo "2274"]
[BlackElo "1825"]
[PlyCount "134"]
[EventDate "2024.01.16"]
[EventType "swiss (blitz)"]
[EventRounds "11"]
[EventCountry "USA"]
[SourceTitle "CB04_2024"]
[SourceDate "2023.10.16"]
[SourceVersion "1"]
[SourceVersionDate "2023.10.16"]
[SourceQuality "1"]

1. e4 c6 2. Nf3 d5 3. Nc3 Bg4 4. h3 Bxf3 5. Qxf3 e6 6. d3 Nf6 7. g3 Bb4 8. Bd2 Qa5 9. Bg2 d4 10. Nb1 Bxd2+ 11. Nxd2 Nbd7 12. Qe2 e5 13. 0-0 Qc5 14. Nb3 Qd6 15. f4 c5 16. Nd2 0-0 17. Nc4 Qc7 18. a4 b6 19. b3 a6 20. fxe5 Nxe5 21. Nxe5 Qxe5 22. Kh2 Nd7 23. Rf5 Qc7 24. e5 Rae8 25. Re1 g6 26. Rg5 h6 27. Rg4 Rxe5 28. Re4 Rfe8 29. Qd2 Kg7 30. Rf1 Rxe4 31. Bxe4 f5 32. Bg2 Re3 33. Qf2 Nf6 34. Re1 Qe5 35. Rxe3 dxe3 36. Qe2 h5 37. Bf3 h4 38. Qg2 hxg3+ 39. Qxg3 Qxg3+ 40. Kxg3 g5 41. Bb7 f4+ 42. Kf3 a5 43. Bc8 Kg6 44. Be6 Nh5 45. h4 gxh4 46. Bg4 Kg5 47. Bh3 Ng3 48. Bg2 e2 49. Kf2 Kg4 50. Bf3+ Kf5 51. Bg2 Ke5 52. c3 Kf5 53. Bh3+ Ke5 54. Bg2 Kd6 55. Bh3 Kd5 56. Bg2+ Ke5 57. Bh3 Kf6 58. Bg2 Kf5 59. Bh3+ Kg5 60. Bg2 Kg4 61. Bf3+ Kh3 62. Bxe2 Nxe2 63. Kxe2 Kg2 64. d4 f3+ 65. Ke3 f2 66. d5 f1Q 67. d6 Qf7 0-1

[Event "Titled Tuesday intern op 24th Oct Late"]
[Site "Chess.com INT"]
[Date "2023.10.24"]
[Round "3"]
[White "Rottenwohrer Suarez, Juan"]
[Black "Garcia Correa, Jose Ricardo"]
[Result "1-0"]
[WhiteElo "2246"]
[BlackElo "2103"]
[PlyCount "127"]
[EventDate "2023.10.24"]
[EventType "swiss (blitz)"]
[EventRounds "11"]
[EventCountry "USA"]
[SourceTitle "Mega2024 Update 01"]
[Source "Chessbase"]
[SourceDate "2023.11.12"]
[SourceVersion "1"]
[SourceVersionDate "2023.11.12"]
[SourceQuality "1"]

1. e4 e5 2. Nf3 Nc6 3. Bb5 a6 4. Ba4 Nf6 5. 0-0 Be7 6. d3 b5 7. Bb3 0-0 8. a3 d6 9. Nc3 Bg4 10. Be3 Nd4 11. Bxd4 exd4 12. Nd5 Nxd5 13. Bxd5 Rb8 14. h3 Bxf3 15. Qxf3 Bf6 16. b4 Qd7 17. Rfb1 c6 18. Bb3 Be5 19. g3 Kh8 20. Kg2 f5 21. exf5 Rxf5 22. Qe2 Rbf8 23. f4 c5 24. Rf1 Re8 25. fxe5 Rfxe5 26. Qf3 h6 27. Bd5 Re2+ 28. Rf2 R2e3 29. Qg4 Qe7 30. Be4 Qe5 31. Qg6 Rxe4 32. Qxe4 Qxe4+ 33. dxe4 Rxe4 34. Raf1 Re3 35. Rf3 Re2+ 36. R1f2 Re1 37. Rf8+ Kh7 38. Rd8 Ra1 39. Rxd6 Rxa3 40. bxc5 Rc3 41. Rxa6 Rxc5 42. Rd6 Rc4 43. Rd2 d3 44. R6xd3 b4 45. h4 Kg6 46. Rd5 Kf6 47. Kh3 Ke6 48. Rb5 g6 49. Re2+ Kf6 50. Rb6+ Kf5 51. Rf2+ Ke4 52. Rxg6 Ke3 53. Rgf6 Rc7 54. R6f3+ Ke4 55. Rf4+ Ke3 56. R2f3+ Ke2 57. Rb3 Rxc2 58. Rbxb4 Ke3 59. Rbe4+ Kd3 60. Re6 Ra2 61. Re5 Ra6 62. h5 Rd6 63. Kg4 Re6 64. Rxe6 1-0

[Event "ESP-chT Rapid"]
[Site "Ubeda"]
[Date "2023.09.23"]
[Round "2.3"]
[White "Rottenwohrer Suarez, Juan"]
[Black "Alekseenko, Kirill"]
[Result "1/2-1/2"]
[WhiteElo "2281"]
[BlackElo "2675"]
[PlyCount "23"]
[EventDate "2023.09.23"]
[EventType "team-swiss (rapid)"]
[EventRounds "9"]
[EventCountry "ESP"]
[SourceTitle "EXT 2024"]
[Source "ChessBase"]
[SourceDate "2023.10.10"]
[SourceVersion "1"]
[SourceVersionDate "2023.10.10"]
[SourceQuality "1"]
[WhiteTeam "Reyes Centenario"]
[BlackTeam "Silla Integrant"]
[WhiteTeamCountry "ESP"]
[BlackTeamCountry "ESP"]

1. d4 d5 2. c4 dxc4 3. e4 Nf6 4. e5 Nd5 5. Bxc4 Nb6 6. Bb3 Nc6 7. Nf3 Bf5 8. e6 fxe6 9. a4 g6 10. a5 Nd5 11. a6 b5 12. Nc3 1/2-1/2

[Event "Titled Tuesday intern op 12th Sep Late"]
[Site "Chess.com INT"]
[Date "2023.09.12"]
[Round "11"]
[White "Rottenwohrer Suarez, Juan"]
[Black "Cuenca Jimenez, Jose Fernando"]
[Result "0-1"]
[WhiteElo "2281"]
[BlackElo "2500"]
[PlyCount "46"]
[EventDate "2023.09.12"]
[EventType "swiss (blitz)"]
[EventRounds "11"]
[EventCountry "USA"]
[SourceTitle "EXT 2024"]
[Source "ChessBase"]
[SourceDate "2023.10.10"]
[SourceVersion "1"]
[SourceVersionDate "2023.10.10"]
[SourceQuality "1"]

1. d4 d6 2. c4 Nf6 3. Nc3 g6 4. e4 Bg7 5. h3 0-0 6. Be3 c6 7. g4 a6 8. a4 a5 9. Be2 Na6 10. h4 e5 11. d5 cxd5 12. cxd5 Nd7 13. g5 f5 14. gxf6 Bxf6 15. h5 g5 16. h6 Ndc5 17. Nf3 Kh8 18. Rg1 g4 19. Nh2 Bg5 20. Qd2 Bf4 21. Bxf4 Rxf4 22. Rd1 Qh4 23. Nxg4 Bxg4 0-1

[Event "Titled Tuesday intern op 05th Sep Late"]
[Site "Chess.com INT"]
[Date "2023.09.05"]
[Round "4"]
[White "Rohan, Ahuja"]
[Black "Rottenwohrer Suarez, Juan"]
[Result "1-0"]
[WhiteElo "2355"]
[BlackElo "2281"]
[PlyCount "111"]
[EventDate "2023.09.05"]
[EventType "swiss (blitz)"]
[EventRounds "11"]
[EventCountry "USA"]
[SourceTitle "EXT 2024"]
[Source "ChessBase"]
[SourceDate "2023.10.10"]
[SourceVersion "1"]
[SourceVersionDate "2023.10.10"]
[SourceQuality "1"]

1. Nf3 d5 2. g3 c6 3. Bg2 Bf5 4. c4 e6 5. cxd5 cxd5 6. Qb3 Nd7 7. 0-0 Nc5 8. Qd1 Nf6 9. d3 Be7 10. Nc3 0-0 11. Bf4 h6 12. Rc1 a6 13. Qd2 Rc8 14. h3 Bh7 15. g4 b5 16. Ne5 b4 17. Nd1 a5 18. Ne3 Bd6 19. Bg3 Qe7 20. f4 Rc7 21. Kh1 Rfc8 22. Bh4 Ncd7 23. d4 Be4 24. Bxe4 Nxe4 25. Bxe7 Nxd2 26. Rxc7 Bxc7 27. Nxd7 Nxf1 28. Nxf1 Bxf4 29. e3 Rc7 30. exf4 Rxd7 31. Bc5 f6 32. Kg2 Kf7 33. Kf3 Rc7 34. Ne3 Rc6 35. f5 e5 36. Nxd5 exd4 37. Bxd4 Rd6 38. Ke4 Rc6 39. Ne3 Rc1 40. b3 Rh1 41. Bb6 Rxh3 42. Bxa5 Rh2 43. Bxb4 Rxa2 44. Bc5 Rb2 45. b4 g6 46. Nc4 Rb1 47. Nd6+ Kg7 48. Ne8+ Kf7 49. Nd6+ Kg7 50. b5 h5 51. gxh5 gxh5 52. b6 Kh6 53. Kf4 Rf1+ 54. Kg3 Rb1 55. b7 Kg5 56. Be3# 1-0

[Event "Titled Tuesday intern op 05th Sep Late"]
[Site "Chess.com INT"]
[Date "2023.09.05"]
[Round "3"]
[White "Rottenwohrer Suarez, Juan"]
[Black "Adewumi, Tanitoluwa"]
[Result "1-0"]
[WhiteElo "2281"]
[BlackElo "2295"]
[PlyCount "84"]
[EventDate "2023.09.05"]
[EventType "swiss (blitz)"]
[EventRounds "11"]
[EventCountry "USA"]
[SourceTitle "EXT 2024"]
[Source "ChessBase"]
[SourceDate "2023.10.10"]
[SourceVersion "1"]
[SourceVersionDate "2023.10.10"]
[SourceQuality "1"]

1. d4 Nf6 2. c4 e6 3. Nc3 Bb4 4. f3 c5 5. d5 0-0 6. e4 d6 7. Bd2 Re8 8. Bd3 exd5 9. Nxd5 Bxd2+ 10. Qxd2 Nc6 11. Ne2 Ne5 12. 0-0 b5 13. cxb5 Nxd5 14. exd5 c4 15. Bc2 Qb6+ 16. Nd4 Nd3 17. Qc3 Nf4 18. Kh1 Nxd5 19. Qxc4 Ne3 20. Rfe1 Bh3 21. Rxe3 Rxe3 22. gxh3 Rae8 23. Be4 g6 24. Nc2 d5 25. Bxd5 Re2 26. Bxf7+ Kg7 27. Bxe8 Qf2 28. Qd4+ Kf8 29. Qxf2 Rxf2 30. Bc6 Rxc2 31. b3 Ke7 32. Re1+ Kf6 33. a4 Kf5 34. Re4 h5 35. h4 g5 36. hxg5 Kxg5 37. h4+ Kf5 38. Kg1 Rb2 39. Rb4 Rc2 40. a5 Rc5 41. Kf2 Ke5 42. Ke3 Rc4 1-0

[Event "Titled Tuesday intern op 08th Aug Early"]
[Site "Chess.com INT"]
[Date "2023.08.08"]
[Round "8"]
[White "Rottenwohrer Suarez, Juan"]
[Black "Fernandez Siles, Luis"]
[Result "0-1"]
[WhiteElo "2247"]
[BlackElo "2218"]
[PlyCount "80"]
[EventDate "2023.08.08"]
[EventType "swiss (blitz)"]
[EventRounds "11"]
[EventCountry "USA"]
[SourceTitle "EXT 2024"]
[Source "ChessBase"]
[SourceDate "2023.10.10"]
[SourceVersion "1"]
[SourceVersionDate "2023.10.10"]
[SourceQuality "1"]

1. d4 Nf6 2. c4 d6 3. Bg5 Nbd7 4. e3 g6 5. Nc3 Bg7 6. Nf3 h6 7. Bh4 0-0 8. Be2 c5 9. d5 a6 10. a4 b6 11. h3 Bb7 12. 0-0 b5 13. cxb5 axb5 14. Bxb5 Nb6 15. e4 Nh5 16. Nd2 Nf4 17. Bg3 e5 18. dxe6 Nxe6 19. Nc4 Nxc4 20. Bxc4 Nd4 21. Re1 Rb8 22. a5 Ba8 23. Ra2 Kh7 24. a6 f5 25. Bd5 f4 26. Bh2 f3 27. a7 Rc8 28. Bxa8 Rxa8 29. Nd5 Qg5 30. Bg3 fxg2 31. Kxg2 h5 32. h4 Qd8 33. Re3 Be5 34. Rea3 Rf7 35. Qa4 Qf8 36. Qa6 Bxg3 37. Rxg3 Rxf2+ 38. Kh3 Nf3 39. Qb7+ Kh6 40. Qxa8 Rh2# 0-1

[Event "Titled Tuesday intern op 01st Aug Late"]
[Site "Chess.com INT"]
[Date "2023.08.01"]
[Round "7"]
[White "Haitin, Ilja"]
[Black "Rottenwohrer Suarez, Juan"]
[Result "1-0"]
[WhiteElo "2284"]
[BlackElo "2247"]
[PlyCount "101"]
[EventDate "2023.08.01"]
[EventType "swiss (blitz)"]
[EventRounds "11"]
[EventCountry "USA"]
[SourceTitle "EXT 2024"]
[Source "ChessBase"]
[SourceDate "2023.10.10"]
[SourceVersion "1"]
[SourceVersionDate "2023.10.10"]
[SourceQuality "1"]

1. Nf3 d5 2. e3 c5 3. b3 Nf6 4. Bb2 g6 5. c4 dxc4 6. Bxc4 Bg7 7. 0-0 0-0 8. d4 Ne4 9. Nbd2 Nd6 10. Be2 Nc6 11. Nc4 Nxc4 12. Bxc4 cxd4 13. Nxd4 Nxd4 14. Bxd4 Bxd4 15. Qxd4 Qxd4 16. exd4 Bd7 17. Rfe1 Rfe8 18. d5 b5 19. Bf1 Rac8 20. Rac1 Kf8 21. f4 b4 22. Kf2 Rxc1 23. Rxc1 Rc8 24. Rxc8+ Bxc8 25. Ke3 Ke8 26. Kd4 Kd7 27. Kc5 Bb7 28. Bc4 Kc7 29. Kxb4 Kd6 30. Kb5 f6 31. a4 h5 32. g3 g5 33. b4 h4 34. Ka5 Bxd5 35. Bxd5 Kxd5 36. b5 e5 37. fxe5 fxe5 38. b6 Kc6 39. bxa7 Kb7 40. Kb4 hxg3 41. hxg3 Kxa7 42. Kc4 Kb6 43. Kd5 Ka5 44. Kxe5 Kxa4 45. Kf5 Kb5 46. Kxg5 Kc6 47. Kf6 Kd7 48. Kf7 Kd6 49. g4 Ke5 50. g5 Kf5 51. g6 1-0

[Event "Titled Tuesday intern op 25th Jul Late"]
[Site "Chess.com INT"]
[Date "2023.07.25"]
[Round "11"]
[White "Herman, Daniel"]
[Black "Rottenwohrer Suarez, Juan"]
[Result "1-0"]
[WhiteElo "1928"]
[BlackElo "2271"]
[PlyCount "53"]
[EventDate "2023.07.25"]
[EventType "swiss (blitz)"]
[EventRounds "11"]
[EventCountry "USA"]
[SourceTitle "EXT 2024"]
[Source "ChessBase"]
[SourceDate "2023.10.10"]
[SourceVersion "1"]
[SourceVersionDate "2023.10.10"]
[SourceQuality "1"]

1. Nf3 Nf6 2. b3 d5 3. Bb2 c5 4. e3 Nc6 5. Bb5 Bd7 6. 0-0 e6 7. d4 cxd4 8. Nxd4 Bd6 9. c4 Nxd4 10. Bxd7+ Qxd7 11. Qxd4 Qc7 12. cxd5 Nxd5 13. Rc1 Qb6 14. Qxg7 Rf8 15. Nd2 Nxe3 16. Bd4 Nf5 17. Qxf8+ Bxf8 18. Bxb6 axb6 19. Nc4 Bc5 20. a4 Nd4 21. Rcb1 Ne2+ 22. Kf1 Nd4 23. b4 Be7 24. Nxb6 Ra6 25. Nc4 Nc2 26. b5 Nb4 27. bxa6 1-0

[Event "Titled Tuesday intern op 25th Jul Late"]
[Site "Chess.com INT"]
[Date "2023.07.25"]
[Round "10"]
[White "Rottenwohrer Suarez, Juan"]
[Black "Haitin, Ilja"]
[Result "1-0"]
[WhiteElo "2271"]
[BlackElo "2327"]
[PlyCount "185"]
[EventDate "2023.07.25"]
[EventType "swiss (blitz)"]
[EventRounds "11"]
[EventCountry "USA"]
[SourceTitle "EXT 2024"]
[Source "ChessBase"]
[SourceDate "2023.10.10"]
[SourceVersion "1"]
[SourceVersionDate "2023.10.10"]
[SourceQuality "1"]

1. e4 b6 2. d4 Bb7 3. Nc3 e6 4. Nf3 Bb4 5. Bd3 Nf6 6. Qe2 d5 7. e5 Ne4 8. 0-0 Nxc3 9. bxc3 Bxc3 10. Rb1 Nc6 11. Qe3 Ba5 12. Ba3 Qd7 13. Qg5 h6 14. Qh4 g5 15. Nxg5 0-0-0 16. Nh7 Rdg8 17. Nf6 Qd8 18. Qf4 Rg5 19. g3 Bc3 20. Bb2 Bxb2 21. Rxb2 Qe7 22. Rb3 Rg7 23. Kg2 h5 24. h4 a6 25. c3 Na5 26. Rb2 Kb8 27. Rfb1 Ka7 28. Kf1 Bc6 29. Kg1 Nc4 30. Re2 Na3 31. Rbe1 Bb5 32. Bxb5 Nxb5 33. Qc1 Na3 34. Rd2 Nc4 35. Rde2 Rg6 36. Kg2 Rxf6 37. exf6 Qxf6 38. Qf4 Qe7 39. Kh2 Rg8 40. Kg2 Rg4 41. Qh6 Qxh4 42. Rh1 Qg5 43. Qxg5 Rxg5 44. Rh4 c5 45. Re1 cxd4 46. cxd4 b5 47. Reh1 b4 48. Rxh5 Rg4 49. Rh7 Rxd4 50. Rxf7+ Kb6 51. Rh6 Re4 52. Re7 Kb5 53. Rexe6 Rd4 54. Rxa6 Rd2 55. g4 Ne3+ 56. Kf3 Nf1 57. g5 d4 58. Rhb6+ Kc4 59. g6 Kd3 60. g7 Nh2+ 61. Kg2 Ng4 62. g8Q Nxf2 63. Kg3 Ne4+ 64. Kh4 Nc3 65. Qg6+ Kc4 66. Kg5 Rg2+ 67. Kh6 Rxg6+ 68. Kxg6 d3 69. Kf5 d2 70. Rc6+ Kb5 71. Rd6 d1Q 72. Rxd1 Nxd1 73. Re6 Nc3 74. Re5+ Kc4 75. Kf4 Nxa2 76. Ke3 Nc3 77. Kd2 Kb3 78. Re3 Kb2 79. Re8 b3 80. Rb8 Ne4+ 81. Kd3 Nf2+ 82. Kc4 Kc2 83. Rxb3 Ne4 84. Re3 Nd2+ 85. Kb4 Kd1 86. Kc3 Nb1+ 87. Kd3 Kc1 88. Re2 Na3 89. Ra2 Nb1 90. Rc2+ Kd1 91. Rh2 Kc1 92. Rg2 Na3 93. Rf2 1-0